Culture Générale - Série 1194 - Statistiques

Statistiques générales
  • Ce quiz a été pris 86 fois
  • Le résultat moyen est 5 sur 10
Statistiques - réponses
Question Réponse % Correct
Quel mot d'origine japonaise désigne un arbre décoratif cultivé en pot ? bonsaï
91%
A quel cinéaste américain doit-on le film "Orange mécanique" ? Stanley Kubrick
84%
Selon le proverbe, quels oiseaux mange-t-on "faute de grives" ? merles
79%
Quelle plante, à la racine comestible, est utilisée pour la fabrication du tapioca ? manioc
58%
Dans quel sport collectif s'illustrent les frères Gille, prénommés Bertrand et Guillaume ? handball
49%
Dans quel pays le circuit automobile de Hungaroring se trouve-t-il ? Hongrie
49%
Quelle rivière, née dans le Morvan, passe à Auxerre et à Sens ? Yonne
43%
A partir de 1967, quelle émission de télévision Pierre Tchernia présente-t-il ? Monsieur Cinéma
38%
Quelle ville du Maroc, située sur le plateau de Saïs, fut la capitale du pays de 1672 à 1727 ? Meknès
16%
Quel écrivain, prénommé Henri, est l'auteur de “L'Âne culotte” ? Henri Bosco
15%
Aucun quiz correspondant
Distribution des résultats
% des personnes avec chaque résultat
Percentile par nombre de réponses
Votre historique - résultats
Vous n’avez pas pris ce quiz